[Event "FIDE-Wch k.o."]
[Site "New Delhi/Teheran"]
[Date "2000.12.02"]
[Round "2.9"]
[White "Krasenkow, Michal"]
[Black "Macieja, Bartlomiej"]
[Result "1/2-1/2"]
[WhiteElo "2702"]
[BlackElo "2536"]
[Annotator "Hecht,H"]
[PlyCount "128"]
[EventDate "2000.11.27"]
[EventType "k.o."]
[EventRounds "7"]
[EventCountry "IND"]
[SourceTitle "CBM 081"]
[Source "ChessBase"]
[SourceDate "2001.03.20"]
[SourceVersion "1"]
[SourceVersionDate "2001.03.20"]
[SourceQuality "1"]

1. d4 Nf6 2. c4 e6 3. Nf3 Bb4+ 4. Bd2 Qe7 5. Nc3 b6 6. Qc2 Bb7 7. e3 O-O 8. Bd3
d6 9. e4 e5 10. O-O Bxc3 11. Bxc3 Nbd7 12. Rae1 c5 13. dxe5 dxe5 14. Nh4 g6 15.
g3 Rae8 16. f4 exf4 17. gxf4 Ng4 18. Nf3 f6 19. Qg2 Nh6 20. Qh3 Nf7 21. Rf2 Qd6
22. Nh4 Nh8 23. Rg2 Qxf4 24. Qxd7 Bc8 25. Qd5+ Be6 26. Qh5 Re7 27. Nf3 Rg7 28.
Qh4 Qxf3 29. Rg3 Qh5 30. Bxf6 Qxh4 31. Bxh4 Rd7 32. b3 Rf4 33. Bg5 Rg4 34. Rxg4
Bxg4 35. Re3 Nf7 36. Bf6 Be6 37. Kg2 Nd8 38. Kg3 Nc6 39. Kf4 Kf7 40. Bc3 Nd4
41. h4 h5 42. Bf1 Bg4 43. Rd3 Be2 44. Bh3 Bxd3 45. Bxd7 Ne2+ 46. Ke3 Nxc3 47.
Kxd3 Nxa2 48. e5 Ke7 49. Ba4 Ke6 50. Ke4 Nc3+ 51. Kf4 Ne2+ 52. Kg5 Kxe5 53. Be8
Nf4 54. Bxg6 Nxg6 55. Kxg6 {[#] Raffiniertes Tempospiel. In der Hauptsache
gewinnt Schwarz mittels "Polerios Eckenspiel"} a6 56. Kxh5 Kf5 57. Kh6 Kf6 (
57... b5 58. h5 (58. cxb5 axb5 59. h5 c4 60. bxc4 bxc4 61. Kg7 c3 62. h6 c2 63.
h7 c1=Q 64. h8=Q Qc7+ 65. Kf8 Qd8+ 66. Kg7 Qe7+ 67. Kg8 Kg6) 58... bxc4 59.
bxc4 a5 60. Kg7 a4 61. h6 a3 62. h7 a2 63. h8=Q a1=Q+ 64. Kg8 Qxh8+ 65. Kxh8
Ke5 $19) 58. h5 (58. Kh5 b5 59. cxb5 axb5 60. Kg4 c4 61. bxc4 b4 62. c5 b3 63.
c6 Ke6 64. c7 Kd7 65. h5 b2 $19) 58... b5 59. cxb5 (59. Kh7 Kf7 60. h6 b4 61.
Kh8 a5 62. h7 a4 63. bxa4 b3 $19) 59... axb5 60. Kh7 c4 $2 {[%mdl 20480] Es
gab zwei Wege zum Gewinn:} (60... Kf7 $1 61. h6 b4 (61... c4 62. b4 c3 63. Kh8
c2 64. h7 Kg6 65. Kg8 c1=Q $19) 62. Kh8 c4 63. h7 Kf8 64. bxc4 b3 65. c5 b2 66.
c6 b1=Q 67. c7 Qa1#) (60... b4 $1 61. Kg8 Kg5 62. Kg7 Kxh5 63. Kf6 c4 64. bxc4
b3 65. c5 b2 66. c6 b1=Q $19) 61. bxc4 bxc4 (61... b4 62. Kg8 $1 {droht h6 und
entzieht den König dem Schachgebot von b1 aus!} (62. c5 $2 b3 63. c6 b2 64. c7
b1=Q+ $19) 62... Kg5 63. c5 $11) 62. h6 Kf7 63. Kh8 c3 64. h7 {Hier fehlt
Schwarz genau ein Tempo zum Gewinn.} c2 1/2-1/2

[Event "RUS-ch"]
[Site "Elista"]
[Date "1996.??.??"]
[Round "7"]
[White "Sakaev, Konstantin"]
[Black "Rashkovsky, Nukhim N"]
[Result "1/2-1/2"]
[WhiteElo "2600"]
[BlackElo "2530"]
[Annotator "Hecht,H"]
[PlyCount "108"]
[EventDate "1996.10.15"]
[EventType "swiss"]
[EventRounds "11"]
[EventCountry "RUS"]
[SourceTitle "CBM 056"]
[Source "ChessBase"]
[SourceDate "1997.02.01"]
[SourceVersion "1"]
[SourceVersionDate "1997.02.01"]
[SourceQuality "1"]

1. d4 Nf6 2. c4 e6 3. Nf3 Bb4+ 4. Nbd2 O-O 5. a3 Bxd2+ 6. Qxd2 b6 7. g3 Bb7 8.
Bg2 d6 9. O-O a5 10. b3 Nbd7 11. Bb2 Be4 12. Rfd1 Qb8 13. Rac1 b5 14. c5 b4 15.
a4 Bd5 16. Qe3 Qb7 17. Ne1 Bxg2 18. Nxg2 Ra6 19. Rc2 d5 20. f3 c6 21. Qd3 Raa8
22. e4 Kh8 23. Re2 h6 24. e5 Ng8 25. Bc1 Ne7 26. Rde1 Rg8 27. h4 Qa6 28. Qd1
Nf8 29. g4 Nh7 30. h5 Rae8 31. Kf2 Ref8 32. Bf4 Re8 33. Qd2 Rgf8 34. Rh1 Ng8
35. Ke1 Qa7 36. Kd1 g5 37. hxg6 fxg6 38. Bxh6 Rxf3 39. Nh4 Qf7 40. Qc2 Nxh6 41.
Nxf3 Qxf3 42. Rxh6 Qxg4 43. Qd3 Kg7 44. Rh3 Rf8 45. Kc2 Ng5 46. Rg3 Qh5 47.
Reg2 Ne4 48. Rxg6+ Qxg6 49. Rxg6+ Kxg6 {[#]_|_ Dem Abfraß seiner Bauern
begegnet Schwarz mit Dauerschach unter Einsatz seines K.} 50. Qa6 Rf2+ 51. Kd1
Kf5 52. Qxc6 Kf4 53. Qxe6 Rf1+ 54. Ke2 Ng3+ 1/2-1/2

[Event "Alushta Autumn 1st"]
[Site "Alushta"]
[Date "2002.09.21"]
[Round "10"]
[White "Shtyrenkov, Veniamen"]
[Black "Selin, Oleg"]
[Result "1-0"]
[WhiteElo "2457"]
[BlackElo "2432"]
[Annotator "Hecht,H"]
[PlyCount "87"]
[EventDate "2002.09.15"]
[EventType "tourn"]
[EventRounds "15"]
[EventCountry "UKR"]
[EventCategory "9"]
[SourceTitle "CBM 092"]
[Source "ChessBase"]
[SourceDate "2003.02.06"]
[SourceVersion "1"]
[SourceVersionDate "2003.02.06"]
[SourceQuality "1"]

1. d4 Nf6 2. c4 e6 3. Nf3 Bb4+ 4. Bd2 c5 5. Bxb4 cxb4 6. g3 O-O 7. Bg2 d6 8.
O-O a5 9. a3 Na6 10. Nbd2 Re8 11. Qc2 Qc7 12. Ne1 Bd7 13. Nd3 e5 14. dxe5 dxe5
15. Ne4 Nxe4 16. Bxe4 Bc6 17. Bxc6 Qxc6 18. axb4 axb4 19. Ra5 e4 20. Nf4 Rac8
21. b3 Rcd8 22. Rd1 Nc7 23. Rxd8 Rxd8 24. Re5 Re8 25. Rxe8+ Qxe8 {[#]} 26. Nd5
Na6 27. Qd2 h6 28. Qd4 (28. Nxb4 e3 29. Qd6 Nxb4 30. Qxb4 Qe4 31. Qc3 $16)
28... Qe6 29. h4 Kh7 30. Kf1 Qh3+ 31. Kg1 Qf5 $6 (31... Qe6 $1) 32. Ne7 {
[%csl Gg6,Rg8]} Qe6 33. Qd8 f6 34. h5 Nc5 35. Ng6 Qg8 36. Nf8+ Kh8 37. Qe7 b6
38. e3 Nxb3 39. Ng6+ Kh7 40. Qxb4 Na5 41. Qxb6 Nxc4 42. Qd4 f5 43. Qc5 f4 $2 (
43... Qf7 {[%csl Gf5,Rh5]} 44. Kg2 (44. Qc8 Qg8 45. Qxf5 Nd6 46. Qe5 Qb8 47.
Kg2 Qd8 $16) 44... Nd2 (44... Qg8 45. Qxf5 $16) 45. Qc8 Qg8 46. Nf8+ Kh8 47.
Qxf5 $18) 44. Nxf4 {[%csl Re4]} 1-0

[Event "USA-ch sf2"]
[Site "Chandler"]
[Date "1997.09.03"]
[Round "1"]
[White "Seirawan, Yasser"]
[Black "Christiansen, Larry Mark"]
[Result "1-0"]
[WhiteElo "2630"]
[BlackElo "2550"]
[Annotator "Hecht,H"]
[PlyCount "129"]
[EventDate "1997.08.??"]
[EventType "match"]
[EventRounds "6"]
[EventCountry "USA"]
[SourceTitle "CBM 061"]
[Source "ChessBase"]
[SourceDate "1997.11.23"]
[SourceVersion "1"]
[SourceVersionDate "1997.11.23"]
[SourceQuality "1"]

1. d4 Nf6 2. c4 e6 3. Nf3 Bb4+ 4. Bd2 a5 5. g3 d6 6. Bg2 Nbd7 7. O-O e5 8. Be3
(8. Bc3 O-O 9. dxe5 Bxc3 10. Nxc3 dxe5 11. Qc2 Qe7 12. Rad1 Nc5 13. Nd5 Nxd5
14. cxd5 e4 15. Nd4 Bd7 16. b3 b6 17. a3 Qe5 18. Qc4 Rfd8 19. b4 axb4 20. axb4
Nb7 21. Nc6 Bxc6 22. Qxc6 Ra7 23. d6 Nxd6 24. Bxe4 g6 25. Rd2 Re8 26. Bd5 Kg7
27. e4 Nxe4 28. Re2 f5 29. f3 Qd4+ 30. Kg2 Nf6 31. Rxe8 Nxe8 32. Qd7+ Kh6 33.
Qxe8 Qxd5 34. Qf8+ Kh5 35. Qe7 Ra2+ 36. Kh3 Kh6 37. Qf8+ Kg5 38. Qe7+ Kh6 39.
Qf8+ Kg5 40. Qg7 f4 41. Qe7+ Kh6 42. Qf8+ Kh5 43. Qxf4 g5 44. Qf6 Qxf3 45.
Qxf3+ {1-0 Beliavsky,A-Christiansen,L/Brussels SWIFT rapid 1992/EXP 29}) (8. b3
O-O 9. a3 Bxd2 10. Qxd2 exd4 11. Nxd4 Nb6 12. Qc2 Qe7 13. Nd2 Re8 14. e3 c6 15.
h3 g6 16. Rfe1 Bd7 17. e4 Qf8 18. Nf1 Bc8 19. Rad1 Nbd7 20. Qd2 Re7 21. Qf4 Ne8
22. Qd2 f6 {Stanec,N-Eisterer,H/AUT-ch 1995/EXP 49/[Loebler]/1/2-1/2 (47)})
8... O-O 9. a3 (9. Qc2 exd4 10. Bxd4 Re8 11. Nc3 Bxc3 12. Bxc3 Ne4 13. Bd4 Ng5
14. Rad1 Nxf3+ 15. exf3 b6 16. f4 Rb8 17. Qc3 f6 18. Bd5+ Kh8 19. Rfe1 Bb7 20.
Rxe8+ Qxe8 21. Re1 Qf8 22. Bxb7 Rxb7 23. Qe3 Rb8 24. Qe7 Qxe7 25. Rxe7 Rd8 26.
g4 h6 27. g5 hxg5 28. fxg5 Kg8 29. Kg2 {1/2-1/2 Gulko,B-Dzindzichashvili,R/
USA-ch m 1990/CBM 21}) 9... exd4 10. Bxd4 Bc5 11. b3 Re8 12. Nc3 Qe7 13. e3 Rb8
14. Qd2 Nb6 15. Bxc5 (15. Nd5 Nbxd5 16. cxd5 Bg4 $11) 15... dxc5 16. a4 Bg4 17.
h3 Rbd8 18. Qc2 Bh5 19. Nh4 c6 20. g4 Bg6 21. Nxg6 hxg6 22. Rad1 Na8 23. Rxd8
Rxd8 24. Rd1 Nc7 25. Rxd8+ Qxd8 26. g5 Nfe8 27. Ne4 Ne6 28. f4 Nd6 29. Qd3 Nf5
30. Qxd8+ Nxd8 31. Kf2 Ne6 32. Bf3 Kf8 33. Bg4 Ke7 34. h4 Nd6 35. Kf3 Nxe4 36.
Kxe4 {[#] An ideal White majority similar to that in the Ruy Lopez Exchange
variation. White succeeds in realizing his kingside majority. [#] Ideeller
weißer Mehrbauer ähnlich der spanischen Abtauschvariante. Weiß gelingt die
Verwertung der Mehrheit am Königsflügel.} Nc7 37. Kd3 Ne6 38. Bh3 {Again we
have a nasty pawn ending to investigate. Obviously White avoids this
possibility out of concern that the position could remain blocked...! I see a
win for White. In any case, a fundamental analysis is necessary. I'll provide
suggestions for both attack and defense. Schon wieder ist ein haariges
Bauernendspiel zu untersuchen. Offenbar vermeidet Weiß diesen Weg aus Sorge,
die Position könnte blockiert bleiben...! Ich sehe Gewinn für Weiß. Allerdings
ist eine gründliche Analyse vonnöten. Ich gebe etliche Anregungen für Angriff
und Verteidigung.} (38. Bxe6 Kxe6 {[#]} (38... fxe6 39. Ke4 Kf7 40. Ke5 Ke7 41.
e4 b6 42. f5 exf5 43. exf5 gxf5 44. Kxf5 Kf7 45. h5 $18) 39. e4 Ke7 40. Ke3 Ke6
41. Kf3 Ke7 42. Kg4 Ke6 43. h5 gxh5+ 44. Kxh5 b6 45. Kg4 (45. g6 f5 46. Kg5 (
46. e5 Ke7 47. Kh4 Kd7 $11) 46... fxe4 47. f5+ Ke5 48. f6 gxf6+ 49. Kh6 e3 50.
g7 e2 51. g8=Q e1=Q 52. Qe8+ $18) 45... g6 46. Kf3 Kd6 47. e5+ Ke7 48. Ke4 Ke6
49. f5+ gxf5+ 50. Kf4 b5 (50... Kd7 51. Kxf5 Ke7 52. e6 fxe6+ 53. Ke5 Kf7 54.
g6+ Kxg6 55. Kxe6 $18) 51. axb5 cxb5 52. cxb5 c4 53. bxc4 a4 54. b6 Kd7 55. e6+
fxe6 56. b7 Kc7 57. g6 a3 58. g7 a2 59. b8=Q+ $18) 38... Nc7 39. Bc8 b5 40. Kc3
bxa4 41. bxa4 Ne8 42. Bg4 Nc7 43. e4 Na8 44. e5 Nb6 45. Kb3 Na8 46. Kc3 Nb6 47.
Bd1 Nd7 $2 (47... Ke6 $142 $5 48. Bg4+ Ke7 49. Kb3 Na8 {[%cal Ya8c7,Ya8b6]})
48. Bf3 Nb8 {Now the knight is cut off and White can improve his position.
Jetzt ist der Springer ausgeschaltet und Weiß kann die Stellung verbessern.}
49. Kd2 Ke6 50. Be4 Ke7 51. Ke2 Ke6 52. Kf3 Ke7 53. Kg4 Kf8 54. h5 gxh5+ 55.
Kxh5 Ke7 56. Bf3 Kf8 57. g6 Ke7 58. gxf7 Kxf7 59. Kg5 Nd7 60. Bxc6 Nf8 61. Bd5+
Ke7 62. Kf5 Kd7 63. Bg8 Ke7 64. e6 {Knight Encirclement! Einkreisung des
Springers!} Kd6 65. Kg5 (65. Kg5 Ke7 66. f5 Kd6 67. f6 Nxe6+ 68. Bxe6 Kxe6 69.
fxg7 Kf7 70. Kf5 $18) 1-0

[Event "FIDE-Wch k.o."]
[Site "New Delhi/Teheran"]
[Date "2000.12.05"]
[Round "3.4"]
[White "Beliavsky, Alexander G"]
[Black "Macieja, Bartlomiej"]
[Result "0-1"]
[WhiteElo "2654"]
[BlackElo "2536"]
[Annotator "Hecht,H"]
[PlyCount "124"]
[EventDate "2000.11.27"]
[EventType "k.o."]
[EventRounds "7"]
[EventCountry "IND"]
[SourceTitle "CBM 081"]
[Source "ChessBase"]
[SourceDate "2001.03.20"]
[SourceVersion "1"]
[SourceVersionDate "2001.03.20"]
[SourceQuality "1"]

1. d4 Nf6 2. c4 e6 3. Nf3 Bb4+ 4. Bd2 Qe7 5. g3 Nc6 6. Nc3 Bxc3 7. Bxc3 Ne4 8.
Rc1 O-O 9. Bg2 d6 10. d5 Nd8 11. Nd2 Nxc3 12. Rxc3 Bd7 13. O-O a5 14. Qc2 Rb8
15. e4 c5 16. f4 b5 17. b3 exd5 18. cxd5 f6 19. Re3 Nf7 20. Rfe1 Rbe8 21. a3
Qd8 22. b4 axb4 23. axb4 cxb4 24. Qb2 Qb6 25. Qxb4 Rc8 26. Kh1 Rc2 27. Nb3 Rfc8
28. Qd4 Qxd4 29. Nxd4 Rd2 30. Ne6 Nd8 31. Nxd8 Rxd8 32. R3e2 Rxe2 33. Rxe2 Ra8
34. Kg1 Kf7 35. Kf2 Ke7 36. Rb2 Ra4 37. Ke3 Ra3+ 38. Kd4 Ra4+ 39. Kd3 Ra3+ 40.
Kd2 Ra4 41. Bf3 h6 42. Rc2 Kd8 43. Kd3 Ra3+ 44. Rc3 b4 45. Rxa3 bxa3 46. Kc3 {
Weiß muss wegen der Bewachung des Randfreibauern ab sofort ohne König spielen}
Ba4 47. h4 g5 48. Be2 (48. hxg5 hxg5 (48... fxg5 $5) 49. Bg4 a2 50. Kb2 Bb3 51.
Bh3 Kc7 52. Bg4 Kb6 53. e5 dxe5 54. fxe5 fxe5 55. d6 e4 56. Ka1 Bc4 57. Bf5 e3
$19) 48... gxh4 49. gxh4 a2 50. Kb2 Bb3 51. Bf3 Kc7 52. Bg2 Kb6 53. e5 dxe5 54.
fxe5 fxe5 55. d6 Be6 56. Ka1 Kc5 57. d7 Bxd7 58. Kxa2 Kd4 59. Kb2 e4 60. Kc2
Bg4 61. Kd2 e3+ 62. Ke1 Ke5 {[%csl Rh4][%cal Re5f4,Rf4g3]} 0-1

[Event "Schwarzach op-A"]
[Site "Schwarzach"]
[Date "2000.08.25"]
[Round "7"]
[White "Zoler, Dan"]
[Black "Hecht, Hans Joachim"]
[Result "1/2-1/2"]
[WhiteElo "2526"]
[BlackElo "2434"]
[Annotator "Hecht,H"]
[PlyCount "124"]
[EventDate "2000.08.19"]
[EventType "swiss"]
[EventRounds "9"]
[EventCountry "AUT"]
[SourceTitle "CBM 078"]
[Source "ChessBase"]
[SourceDate "2000.10.18"]
[SourceVersion "1"]
[SourceVersionDate "2000.10.18"]
[SourceQuality "1"]

1. d4 e6 2. c4 Bb4+ 3. Bd2 Qe7 4. g3 Nf6 5. Nf3 Nc6 6. Bg2 Bxd2+ 7. Nbxd2 O-O
8. O-O d6 9. e4 e5 10. d5 Nd8 11. Ne1 Ng4 12. h3 Nh6 13. Nd3 f5 14. Qe2 Ndf7
15. Rae1 Bd7 16. f4 Rae8 17. exf5 Nxf5 18. Qf2 {[%csl Ra7]} c5 19. dxc6 Bxc6
20. Bxc6 bxc6 21. c5 Qd8 22. cxd6 Qxd6 (22... N5xd6 23. fxe5 Nxe5 24. Qd4 $14)
23. Nxe5 Nxe5 24. fxe5 (24. Rxe5 Nxg3 $1 $15) 24... Qd3 (24... Qd5 25. Nf3 c5
$14) (24... Qh6 25. g4 Ng3 26. Qxg3 Qxd2 27. Qb3+ $16) 25. Nf3 Nd4 (25... c5 $5
) 26. Qxd4 Rxf3 27. Qxd3 Rxd3 28. Kg2 Rd5 29. e6 Rd6 30. e7 {[#]} Rd2+ (30...
Rd7 31. Re6 Rexe7 32. Rxc6 Re2+ 33. Rf2 (33. Kg1 h6 {[%cal Rd7d2,Re2b2,Re2h2]})
33... Rxf2+ 34. Kxf2 Rd2+ 35. Kf3 Rxb2 36. Rc8+ Kf7 37. Rc7+ Kf6 38. Rxa7 Rc2
$14 {[#] Vergleiche dazu die Endspiele Dautov-Speelman, Lippstadt 2000 sowie
Almasi-Bacrot, Szeged 2000}) 31. Rf2 Rxf2+ 32. Kxf2 Kf7 33. Kf3 Rxe7 34. Rxe7+
Kxe7 {[#] Die schwarzen Bauern auf der 7. Reihe verleihen der schwarzen
Stellung zwar festungsartigen Charakter, doch der weiße Raumvorteil, die
Tempozüge mit dem a-Bauern und der Hebel b4-b5 geben Weiß dennoch
Gewinnchancen.} 35. Ke4 Kd6 36. b4 $1 Ke6 (36... c5 $2 37. b5 {entfernter
Freibauer!} Kc7 38. Kd5 Kb6 39. Kc4 h6 40. g4 g5 41. a3 Ka5 42. Kxc5 Ka4 43. b6
axb6+ 44. Kxb6 Kxa3 45. Kc5 $18) 37. Kd4 Kd6 38. Kc4 Kd7 39. Kc5 Kc7 {[#]} 40.
h4 $5 $138 (40. g4 $1 g5 (40... h6 41. h4 g5 (41... g6 42. b5 cxb5 43. Kxb5 Kd6
(43... Kb7 44. Kc5 Ka6 (44... Kc7 45. Kd5 Kd7 46. Ke5 Ke7 47. g5 h5 48. a4 a5
49. Kd5 Kd7 50. Kc5 Ke6 51. Kb5 Kf5 52. Kxa5 Kg4 53. Kb5 Kxh4 54. a5 $18) 45.
Kd5 Ka5 46. Ke5 Ka4 47. Kf6 Ka3 48. Kxg6 Kxa2 49. Kxh6 $18) 44. Ka6 Ke5 45.
Kxa7 Kf4 46. a4 Kxg4 47. a5 Kxh4 48. a6 g5 49. Kb7 g4 50. a7 $18) 42. hxg5 (42.
h5 Kd7 43. Kc4 Ke6 44. Kd4 Kd6 45. Ke4 Ke6 46. a3 Kf6 47. a4 Ke6 (47... a6 48.
Kd4 Ke6 49. Kc5 Kd7 50. Kb6 $18) 48. b5 cxb5 49. axb5 $18) 42... hxg5 43. a4
Kd7 44. b5 cxb5 45. Kxb5 Kc7 46. Kc5 Kb7 $11) (40... Kd7 41. h4 {mit dem
weiteren Plan g5, h5 und dann b5.}) 41. b5 (41. a3 Kd7 42. Kd4 Kd6 43. a4 Ke6
44. Kc5 Kd7 45. b5 cxb5 46. Kxb5 Kc7 47. Kc5 Kd7 48. Kd5 h6 49. a5 a6 $11)
41... cxb5 42. Kxb5 h6 43. Kc5 Kd7 44. Kd5 $18) 40... h5 41. a3 Kd7 42. Kd4 Kd6
43. Ke4 Ke6 44. Kf4 Kf6 45. a4 a6 $6 (45... g6 $5 46. g4 (46. Ke4 Ke6 47. Kd4
Kd6 48. Kc4 Kd7 49. Kd3 Kd6 50. Kd4 Ke6 51. Ke4) 46... hxg4 47. Kxg4 Ke6 48.
Kg5 Kf7 49. Kf4 Kf6 50. Ke4 Ke6 51. Kd4 (51. b5 cxb5 52. axb5 Kd6 53. Kd4 Ke6
54. Kc5 Ke5 55. Kc6 Kd4 $11) 51... Kd6 52. Kc4 Kd7 53. Kc5 Kc7 54. b5 cxb5 55.
axb5 Kb7 $11) 46. Ke4 Ke6 47. Kd4 Kd6 48. Kc4 Kd7 49. Kd3 (49. Kc5 Kc7 50. a5
g6 $11) 49... Ke7 50. Ke3 {[#]} Kd7 (50... Ke6 $6 51. Ke4 Kd6 52. Kd4 (52. Kf5
Kd5 53. Kg6 Kc4 54. Kxh5 Kxb4 55. Kg6 c5 56. Kxg7 c4 57. h5 c3 58. h6 c2 59. h7
c1=Q 60. h8=Q $15) 52... Kc7 53. Ke5 (53. Kc5 Kb7 $1) 53... Kb6 54. Kd6 g6 55.
Ke6 c5 56. bxc5+ Kxc5 57. Kf6 Kb4 58. Kxg6 Kxa4 59. Kxh5 a5 60. Kg5 $18) 51.
Kf4 Kd6 52. Kg5 Kd5 53. Kxh5 Kc4 54. Kg6 Kxb4 55. Kxg7 c5 56. h5 c4 57. h6 c3
58. h7 c2 59. h8=Q c1=Q 60. Qh4+ $2 $138 (60. Qf8+ Kb3 $8 (60... Ka5 $2 61.
Qf5+ Kb6 62. a5+ $18) (60... Kxa4 $4 61. Qf4+ $18) 61. Qf3+ Ka2 62. Qf4 $16)
60... Ka5 61. Qf4 Qd1 62. g4 $2 (62. Kh6 $16 {oder doch nur +=}) 62... Qd4+ $1
1/2-1/2

[Event "Budapest zt 1.4"]
[Site "Budapest"]
[Date "2000.06.19"]
[Round "3"]
[White "Pinter, Jozsef"]
[Black "Macieja, Bartlomiej"]
[Result "1-0"]
[WhiteElo "2553"]
[BlackElo "2538"]
[Annotator "Hecht,H"]
[PlyCount "223"]
[EventDate "2000.06.17"]
[EventType "swiss"]
[EventRounds "9"]
[EventCountry "HUN"]
[SourceTitle "CBM 078"]
[Source "ChessBase"]
[SourceDate "2000.10.18"]
[SourceVersion "1"]
[SourceVersionDate "2000.10.18"]
[SourceQuality "1"]

1. d4 Nf6 2. c4 e6 3. Nf3 Bb4+ 4. Bd2 Qe7 5. g3 Nc6 6. Nc3 Bxc3 7. Bxc3 Ne4 8.
Rc1 O-O 9. Bg2 d6 10. d5 Nd8 11. Nd2 Nxc3 12. Rxc3 e5 13. c5 f5 14. Qc2 Nf7 15.
O-O Bd7 16. Rc1 e4 17. Nb3 Ba4 18. cxd6 cxd6 19. Rc7 Qe5 20. Qd2 Bxb3 21. axb3
Rab8 22. f4 exf3 23. exf3 Rfe8 24. f4 Qf6 25. Bf3 Nh6 26. Bh5 g6 27. Bf3 Re7
28. Rc8+ Rxc8 29. Rxc8+ Kg7 30. Kf2 Ng4+ 31. Bxg4 fxg4 32. Qc3 Qxc3 33. bxc3 a5
34. Rb8 Rc7 35. c4 a4 36. bxa4 Rxc4 37. Rxb7+ Kf6 38. Rxh7 Rxa4 39. Ke3 Ra3+
40. Kd4 Ra4+ 41. Kd3 Ra5 42. Kc4 Rc5+ 43. Kd4 Rb5 44. Rd7 Rb4+ 45. Kc3 Rb6 46.
Rd8 Ke7 47. Rh8 Kf7 48. Rh4 Rb5 49. Kc4 Rb2 50. Rh7+ Kf6 51. Rd7 Rb6 52. Rd8
Ke7 53. Rh8 Rb2 54. Kc3 Rb5 55. Rh4 Rxd5 56. Rxg4 Kf6 57. h4 Rd1 58. Rg5 d5 59.
Kc2 Rd4 60. Re5 Kf7 61. Re3 Kf6 62. Re5 Kf7 63. Kc3 Rd1 64. Kb4 Rd3 65. Rg5 Kf6
66. Kc5 Kf7 67. Kc6 Kf6 68. Kd6 d4 69. Kd5 Rd1 70. Ke4 Rd2 71. Rd5 Rg2 72. Kf3
Rd2 73. Rd6+ Kf7 74. Rd5 Ke6 75. Rg5 Kf6 76. Ke4 Rd1 77. Rd5 Rg1 78. Kf3 Rd1
79. Kg4 Ke6 80. Rg5 Kf6 81. Rd5 Ke6 82. Re5+ Kf6 83. Kf3 Rd3+ 84. Kf2 Rd2+ 85.
Re2 Rd1 86. Kf3 Rd3+ 87. Kf2 Rd1 88. Re1 Rd3 89. Re8 Kf7 90. Ra8 Kf6 91. Ra6+
Kf5 92. Ra5+ Kf6 93. g4 Rh3 94. h5 gxh5 95. Rxh5 {[%csl Gf3,Gg3] [#] Es gibt
keine Probleme beim Vorgehen der verbundene Freibauern gegen den
Einzelfreibauer, da der weiße König dem schwarzen Turm wichtige Felder nimmt.}
Rd3 96. Rf5+ Kg6 97. Rd5 Kf6 98. g5+ Kg6 99. Rd6+ Kf7 100. Rd5 $5 ({einfacher} 
100. f5 $18 {[%cal Rg5g6]}) 100... Ke6 101. g6 Kf6 102. Rd6+ Kg7 103. f5 Ra3
104. Rd7+ Kf6 105. Rf7+ Ke5 106. g7 Ra2+ 107. Ke1 Ra1+ 108. Kd2 Ra2+ 109. Kc1
Rg2 110. f6 Ke4 111. Re7+ Kf5 112. f7 1-0

[Event "Olympiad-31"]
[Site "Moscow"]
[Date "1994.12.02"]
[Round "2.2"]
[White "Temirbayev, Serikbay"]
[Black "Adams, Michael"]
[Result "1/2-1/2"]
[WhiteElo "2465"]
[BlackElo "2640"]
[Annotator "Hecht,H"]
[PlyCount "123"]
[EventDate "1994.12.01"]
[EventType "team-swiss"]
[EventRounds "14"]
[EventCountry "RUS"]
[SourceTitle "CBM 045"]
[Source "ChessBase"]
[SourceDate "1995.04.01"]
[SourceVersion "1"]
[SourceVersionDate "1995.04.01"]
[SourceQuality "1"]
[WhiteTeam "Kazakhstan"]
[BlackTeam "England"]
[WhiteTeamCountry "KAZ"]
[BlackTeamCountry "ENG"]

1. d4 Nf6 2. c4 e6 3. Nf3 Bb4+ 4. Bd2 Qe7 5. g3 Nc6 6. Bg2 Bxd2+ 7. Nbxd2 d6 8.
O-O a5 9. e4 e5 10. d5 Nb8 11. b3 O-O 12. a3 c6 13. Ne1 Bg4 14. f3 Bd7 15. Nc2
cxd5 16. cxd5 Na6 17. Nc4 Bb5 18. N2e3 g6 19. Re1 Nc5 20. a4 Be8 21. Nb2 b5 22.
axb5 Bxb5 23. Nbc4 Qc7 24. Qc2 Rfb8 25. Reb1 Nfd7 26. Bf1 Bxc4 27. Nxc4 Rb4 28.
Kh1 Nb7 29. Ra2 Qc5 30. Rba1 Nb6 31. Nd2 Qxc2 32. Rxc2 Nc5 33. Ra3 f5 34. Bc4
fxe4 35. fxe4 Kf8 36. Kg2 Ke7 37. Kf3 a4 38. bxa4 Raxa4 39. Rxa4 Nbxa4 40. Ra2
Nxe4 41. Nxe4 Rxc4 42. Ra3 h5 43. h3 Kd7 44. g4 hxg4+ 45. hxg4 Nb6 46. Ra7+ Rc7
47. Nf6+ Kc8 48. Rxc7+ Kxc7 49. g5 $17 {May be this interesting N-Endgame is
not won for Black due to his weak Pd6 and Pg6.} Kd8 50. Ke3 Nd7 51. Ne4 Kc7 52.
Kd2 Nc5 53. Nf6 Kb6 54. Ke3 Kb5 55. Ng8 Nd7 (55... Kc4 56. Ne7 Na4 57. Nxg6 Nc3
(57... Kxd5 58. Nf8 Nc3 59. g6 Ne4 60. g7 Nf6 61. Nh7 Ng8 62. Ng5 $15 {2
examples:} Ne7 (62... Kc6 63. Ke4 Kd7 64. Kf5 Ke7 65. Nf3 $10) 63. Kf3 Kd4 64.
Ne4 d5 65. Nf6 e4+ (65... Kd3 66. Nxd5) 66. Ke2 $10) 58. Nxe5+ dxe5 59. g6
Nxd5+ 60. Ke4 $10) 56. Nf6 Nc5 57. Ng8 Nb7 58. Ne7 Nd8 59. Nxg6 Nf7 60. Kf3 Kc5
61. Kg4 Kxd5 62. Nf8 {Is this a draw? Let's look} (62. Nf8 e4 63. Kf4 Kd4 64.
g6 Nh6 65. Ne6+ Kd3 66. Kg5 Ng8 67. Nf4+ (67. g7 e3 68. Kg6 Ke4 69. Kf7 e2 70.
Kxg8 e1=Q 71. Kf7 Qf2+ 72. Ke7 Qg3 73. Kf7 Qf3+ 74. Ke7 Qg4 75. Kf7 Qf5+ 76.
Ke7 Qg6 $19) 67... Kd4 68. g7 Ke5 69. Ng6+ Ke6 70. Nf4+ Kf7 71. Kf5 Nf6 72.
g8=Q+ $10) 1/2-1/2

[Event "Itau Mercosul Cup 3rd"]
[Site "Sao Paulo"]
[Date "1999.??.??"]
[Round "9"]
[White "Leitao, Rafael Duailibe"]
[Black "Limp, Eduardo Thelio"]
[Result "1-0"]
[WhiteElo "2574"]
[BlackElo "2434"]
[Annotator "Hindemburg,Melao"]
[PlyCount "67"]
[EventDate "1999.10.??"]
[EventType "swiss"]
[EventRounds "9"]
[EventCountry "BRA"]
[SourceTitle "EXT 2000"]
[Source "ChessBase"]
[SourceDate "1999.11.16"]
[SourceVersion "1"]
[SourceVersionDate "1999.11.16"]
[SourceQuality "1"]

1. d4 Nf6 2. Nf3 e6 3. c4 Bb4+ 4. Nbd2 b6 5. a3 Bxd2+ {^^} 6. Bxd2 (6. Nxd2 $5
{>< e4, [+]}) 6... h6 (6... Bb7 7. Bg5 d6 8. e3 Nbd7 9. Bd3 h6 10. Bh4 g5 11.
Bg3 h5 12. h3 Rg8 $13 {Hjartarson,J-Kortschnoj,V/Reykjavik/1987/1:0/46/}) 7. g3
Bb7 8. Bg2 Be4 $5 9. O-O (9. b4 O-O 10. O-O d6 11. Bc3 Nbd7 12. Re1 a6 13. a4
b5 14. cxb5 axb5 15. axb5 Qb8 16. Bf1 Rxa1 17. Qxa1 Qxb5 18. Nd2 Ra8 19. Qc1
Ra2 20. f3 Rc2 21. Qa1 Bc6 22. e4 Qa4 23. Qxa4 Bxa4 24. Nb1 c6 25. Bd3 Ra2 26.
Rc1 Bb5 27. Bxb5 cxb5 28. Be1 Ra1 29. Bd2 Ra2 30. Bf4 e5 31. dxe5 Nxe5 32. Bxe5
dxe5 33. Nc3 Rb2 34. Nxb5 Rxb4 35. Nd6 Nd7 36. Rc7 Nb6 37. Nxf7 Nc4 38. Kg2
Rb2+ 39. Kh3 Ne3 40. Nxe5 Nf1 41. Kg4 Rxh2 42. Kf4 Rh3 43. g4 Nh2 44. Rc1 Kh7
45. Rc8 g5+ 46. Kf5 Nxf3 47. Rc7+ Kg8 48. Nd7 Rh1 49. Kf6 {1-0 Cebalo,
M-Jakovljevic,V/Pula 1999 (49)}) 9... O-O 10. Re1 (10. Bc1 d6 {1/2-1/2 Ruzele,
D-Kuzmin,G/Cappelle la Grande 1996}) 10... d6 11. Bf1 c5 12. Bc3 Nc6 13. dxc5
dxc5 14. Nd2 Bh7 (14... e5 $5) (14... Nd4 $5) 15. Bg2 Rc8 16. Qa4 Nd4 17. Rac1
Qd7 18. Qxd7 Nxd7 19. e3 Nc6 20. f4 $1 $14 {^^, /^ a1-h8, h1-a8} Nf6 21. b4
Rfd8 22. b5 Na5 23. e4 {()} Rd3 24. Bf1 Rd7 25. e5 Ne8 26. Bxa5 bxa5 27. Nb3
$16 a4 28. Na5 g5 29. fxg5 hxg5 30. Nc6 Rcc7 31. Nb8 $1 Re7 (31... Rd4 $5) 32.
Na6 Rc8 33. Bg2 g4 (33... Ng7 $142 34. g4 (34. Bc6 Nf5) 34... Rd7 35. Red1 Rd4
$16) 34. Bc6 $18 1-0